| Tag |
First Indicator |
Second Indicator |
Subfields |
| LEADER |
00000cam a2200000Ii 4500 |
| 001 |
in00004095721 |
| 005 |
20200729072416.0 |
| 008 |
191207t20202020gw a b 000 0 eng d |
| 020 |
|
|
|a 9783899862997
|q paperback
|
| 020 |
|
|
|a 3899862996
|q paperback
|
| 035 |
|
|
|a (OCoLC)on1130116855
|
| 040 |
|
|
|a OHX
|e rda
|c OHX
|d COO
|d BWK
|d UtOrBLW
|
| 049 |
|
|
|a TXAM
|
| 050 |
|
4 |
|a NA2728
|b .G37 2020
|
| 082 |
0 |
|
|a 720.28/4028553
|2 23
|
| 100 |
1 |
|
|a Gardner, Nicole,
|e author.
|0 http://id.loc.gov/authorities/names/no2015081669
|
| 245 |
1 |
0 |
|a Computational design :
|b from promise to practice /
|c Nicole Gardner, M. Hank Haeusler, Yannis Zavoleas.
|
| 264 |
|
1 |
|a Stuttgart :
|b Avedition,
|c [2020]
|
| 264 |
|
4 |
|c ©2020
|
| 300 |
|
|
|a 176 pages :
|b color illustrations ;
|c 25 cm.
|
| 336 |
|
|
|a text
|b txt
|2 rdacontent
|
| 337 |
|
|
|a unmediated
|b n
|2 rdamedia
|
| 338 |
|
|
|a volume
|b nc
|2 rdacarrier
|
| 504 |
|
|
|a Includes bibliographical references.
|
| 650 |
|
0 |
|a Architectural design
|x Computer network resources.
|
| 650 |
|
0 |
|a Architectural design
|x Data processing.
|0 http://id.loc.gov/authorities/subjects/sh85006586
|
| 650 |
|
0 |
|a Architectural drawing
|x Computer-aided design.
|0 http://id.loc.gov/authorities/subjects/sh2009115366
|
| 945 |
|
|
|b 423118
|
| 947 |
|
|
|a A14850785511
|
| 948 |
|
|
|a cataloged
|b h
|c 2020/6/11
|d c
|e dmitchel
|f 1:44:28 pm
|
| 994 |
|
|
|a 92
|b TXA
|
| 999 |
f |
f |
|s 88e6f3be-e02b-3015-8823-5690d7b52e44
|i b695bbc6-f084-3c85-bf57-17ac18ac003a
|t 0
|
| 952 |
f |
f |
|p normal
|a Texas A&M University
|b College Station
|c Sterling C. Evans Library
|d Evans: Library Stacks
|t 0
|e NA2728 .G37 2020
|h Library of Congress classification
|i unmediated -- volume
|m A14850785511
|
| 998 |
f |
f |
|a NA2728 .G37 2020
|t 0
|l Evans: Library Stacks
|